Queueing systems: vol.2: (Record no. 571)

MARC details
000 -LEADER
fixed length control field 00488nam a22001817a 4500
005 - DATE AND TIME OF LATEST TRANSACTION
control field 20250420134816.0
008 - FIXED-LENGTH DATA ELEMENTS--GENERAL INFORMATION
fixed length control field 200809b ||||| |||| 00| 0 eng d
020 ## - INTERNATIONAL STANDARD BOOK NUMBER
International Standard Book Number 9780471491118
040 ## - CATALOGING SOURCE
Transcribing agency KCST
082 ## - DEWEY DECIMAL CLASSIFICATION NUMBER
Classification number 519.82
Item number Kl Qu
100 ## - MAIN ENTRY--PERSONAL NAME
Personal name Kleinrock, Leonard
9 (RLIN) 4857
245 ## - TITLE STATEMENT
Title Queueing systems: vol.2:
Remainder of title Computer applications /
Statement of responsibility, etc. Leonard Kleinrock
260 ## - PUBLICATION, DISTRIBUTION, ETC.
Place of publication, distribution, etc. New York ; London :
Name of publisher, distributor, etc. Wiley
Date of publication, distribution, etc. 1976.
300 ## - PHYSICAL DESCRIPTION
Extent p.
650 ## - SUBJECT ADDED ENTRY--TOPICAL TERM
Topical term or geographic name entry element Queuing theory.
9 (RLIN) 4858
942 ## - ADDED ENTRY ELEMENTS (KOHA)
Koha item type Book
942 ## - ADDED ENTRY ELEMENTS (KOHA)
Source of classification or shelving scheme Dewey Decimal Classification
Holdings
Withdrawn status Lost status Source of classification or shelving scheme Damaged status Not for loan Home library Current library Date acquired Cost, normal purchase price Total checkouts Full call number Barcode Date last seen Price effective from Koha item type
    Dewey Decimal Classification     KCST Library KCST Library 09/08/2020 65.35   519.82 Kl Qu 1000000428 09/08/2020 09/08/2020 Book
© 2025 KCST. All rights reserved